000
00226nam a22000857a 4500
008
160808b xxu||||| |||| 00| 0 eng d
100
_9
60
_a
Jonathan Swift
245
_a
Gulliver's Travels
260
_a
New Delhi
_b
Arya Publication
_c
2014
999
_c
2712
_d
2712